| 000 | 00374nam a22001457a 4500 | ||
|---|---|---|---|
| 020 | _a- | ||
| 082 | _a297.577 TAR | ||
| 100 | _aTariq, Mehmood | ||
| 245 | _aKamyab shadi kay 17 Osool: Nabvi tarekay aur jadeed science (Urdu) | ||
| 260 |
_aLahore _bKhazeena Ilm-o-Adab _c2003 |
||
| 300 | _a346 p. | ||
| 500 | _aIncludes index | ||
| 650 | _aShadi aur Nabi (PBUH) | ||
| 942 | _cBK | ||
| 999 |
_c13421 _d13421 |
||